|
|
|
|
| LEADER |
00000nam0a2200000 4500 |
| 001 |
182466 |
| 005 |
20231101223706.0 |
| 010 |
|
|
|a 9785903826292
|
| 035 |
|
|
|a (RuTPU)RU\TPU\book\197801
|
| 090 |
|
|
|a 182466
|
| 100 |
|
|
|a 20100621d2010 m y0rusy50 ca
|
| 101 |
0 |
|
|a rus
|
| 102 |
|
|
|a RU
|
| 105 |
|
|
|a a j 001zy
|
| 200 |
1 |
|
|a Теоретические основы теплотехники
|e учебное пособие
|f М. В. Смирнова
|
| 210 |
|
|
|a Волгоград
|c Ин-фолио
|d 2010
|
| 215 |
|
|
|a 272 с.
|c ил.
|
| 320 |
|
|
|a Библиогр.: с. 268.
|
| 330 |
|
|
|a В пособии рассматриваются основные положения и законы технической термодинамики и теории теплопередачи. При изложении материала особое внимание уделено физической сущности процессов изменения состояния рабочего тела, основных законов термодинамики. Большое внимание уделено практическому применению знаний теоретических основ теплотехники. Рассмотрены циклы тепловых двигателей и теплосиловых установок, история их изобретения, способы повышения КПД и перспективы развития теплоэнергетики в условиях рыночной экономики и сложной экологической обстановки. В пособии рассмотрены основные способы теплообмена — теплопередача, теплопроводность, конвективный и лучистый теплообмен. Приведены основные положения теории подобия, основные сведения о теплообменных аппаратах. Для закрепления знаний и получения навыков в решении практических задач в конце каждой изучаемой темы приведены примеры решения задач, задачи для самостоятельного решения и вопросы для самоконтроля. Для решения задач в пособие включены приложения, в которых приведены физические свойства важнейших газов и водяных паров.
|
| 606 |
1 |
|
|a Теплотехника общая
|2 stltpush
|3 (RuTPU)RU\TPU\subj\59808
|9 77306
|
| 610 |
1 |
|
|a техническая термодинамика
|
| 610 |
1 |
|
|a газовые смеси
|
| 610 |
1 |
|
|a теплоемкость
|
| 610 |
1 |
|
|a законы
|
| 610 |
1 |
|
|a энтальпия
|
| 610 |
1 |
|
|a энтропия
|
| 610 |
1 |
|
|a термодинамические процессы
|
| 610 |
1 |
|
|a газовые циклы
|
| 610 |
1 |
|
|a реальные газы
|
| 610 |
1 |
|
|a водяной пар
|
| 610 |
1 |
|
|a свойства
|
| 610 |
1 |
|
|a паросиловые установки
|
| 610 |
1 |
|
|a теплоэнергетика
|
| 610 |
1 |
|
|a теплообмен
|
| 610 |
1 |
|
|a теплообменные аппараты
|
| 610 |
1 |
|
|a учебные пособия
|
| 675 |
|
|
|a 621.1(075.32)
|v 3
|
| 700 |
|
1 |
|a Смирнова
|b М. В.
|
| 801 |
|
1 |
|a RU
|b 63413507
|c 20100621
|
| 801 |
|
2 |
|a RU
|b 63413507
|c 20150609
|g RCR
|
| 900 |
|
|
|a Теплотехника
|
| 900 |
|
|
|a Теплофизика и теоретическая теплотехника
|
| 942 |
|
|
|c BK
|